American TV Show Settings - Statistics

General Stats
  • This quiz has been taken 30,710 times
  • The average score is 12 of 22
Answer Stats
Show City % Correct
Friends New York City
97%
The Simpsons Springfield
82%
Dexter Miami
78%
Grey's Anatomy Seattle
78%
ER Chicago
75%
Full House San Francisco
75%
The West Wing Washington D.C.
75%
Cheers Boston
72%
CSI Las Vegas
60%
The Flintstones Bedrock
55%
Home Improvement Detroit
50%
The Office Scranton
49%
Family Guy Quahog
48%
Breaking Bad Albuquerque
45%
The Drew Carey Show Cleveland
43%
The Wire Baltimore
42%
Magnum P.I. Honolulu
42%
Boardwalk Empire Atlantic City
38%
Treme New Orleans
33%
Dynasty Denver
30%
Futurama New New York
29%
The Andy Griffith Show Mayberry
26%
No matching quizzes found
Score Distribution
Percent of People with Each Score
Percentile by Number Answered
Your Score History
You have not taken this quiz